Statistics for George Ezra - I Went Hunting Lyrics

Click here to take the quiz!

General Stats

  • This quiz has been taken 9 times
  • The average score is 166 of 194

Answer Stats

Lyrics% Correct
a
100%
and
100%
at
100%
came
100%
day
100%
down
100%
ever
100%
everything
100%
head
100%
hunting
100%
I
100%
I'd
100%
it
100%
just
100%
my
100%
on
100%
other
100%
out
100%
owned
100%
the
100%
to
100%
went
100%
again
80%
all
80%
am
80%
are
80%
been
80%
blow
80%
book
80%
change
80%
comes
80%
drove
80%
float
80%
found
80%
get
80%
goes
80%
got
80%
have
80%
having
80%
holiday
80%
I'm
80%
is
80%
I've
80%
Lightning
80%
me,
80%
name
80%
not
80%
ocean
80%
one
80%
ooh
80%
Ooh
80%
problem
80%
sat
80%
then
80%
tryna
80%
watching
80%
wind
80%
window
80%
you?
80%
you
80%
always
60%
babe
60%
can't
60%
fact
60%
gonna
60%
hurt
60%
imagine
60%
lie
60%
obsessed
60%
of
60%
tell
60%
thinking
60%
thought
60%
trouble
60%
watched
60%
working
60%
nothing's
40%

Score Distribution

Percentile by Number Answered

Percent of People with Each Score

Your Score History

You have not taken this quiz